000
00182 a2200085 4500
001
84249
090
_c
40051
_d
40050
245
_a
Organizational Behavior
260
_a
USA
_b
Houghton Mifflin
_c
1989
942
_a
NUST-CAE
999
_c
319322
_d
319322